| 000 | 00984nam a2200265Ia 4500 | ||
|---|---|---|---|
| 003 | OSt | ||
| 005 | 20221005105557.0 | ||
| 006 | a|||||r|||| 00| 0 | ||
| 007 | ta | ||
| 008 | 221004b |||||||| |||| 00| 0 hin d | ||
| 020 |
_a9788183616959 (hbk) _c300 |
||
| 024 | _a24345 | ||
| 037 |
_b7327, 07/01/2016, Rajkamal Prakashan Pvt. Ltd. _cTextual |
||
| 040 |
_aCRL _cCRL _bhin |
||
| 041 |
_2hin _ahin |
||
| 082 | _aNR44(Y15), 152Q5 | ||
| 100 | _aपाण्डे, मृणाल | ||
| 245 | 0 | _aध्वनियों के आलोक में स्त्री | |
| 246 | _aDhvaniyoan ke ālok mean strī | ||
| 260 |
_aनई दिल्ली _bराधाकृष्ण भारत _c2015 |
||
| 300 |
_a123पृ0 _ccm. |
||
| 650 | _aल्थ्ल्त् क्ल्ज्ञ | ||
| 942 |
_hNR44(Y15), 152Q5 _cTEXL _2cc |
||
| 999 |
_c1016230 _d1016230 |
||